| 000 | 00769nam a2200193 i 4500 | ||
|---|---|---|---|
| 001 | 168105 | ||
| 003 | ES-MaACL | ||
| 005 | 20251122063136.0 | ||
| 008 | 991020s1879 sp |||| | spa d | ||
| 040 |
_aCCPB | B _bspa _cCCPB | B |
||
| 080 | _a821.134.2.14"18" | ||
| 100 | 1 |
_aZafra, Diego Miguel Rodríguez de Bahamonde y Jaime de Aragón, _cMarqués de _998440 |
|
| 245 | 1 | 0 |
_aAl sol puesto _b: oda / _cdel ... Diego Miguel R. de Bahamonde y Jaime de Aragón, Marqués de Zafra, Vizconde de Matamala. |
| 250 | _a2ª ed. | ||
| 260 |
_aMadrid : _b[s.n.], _c1879 ( _fImprenta de Fortanet) |
||
| 300 |
_a13 p. ; _c24 cm. |
||
| 852 |
_aES-MaACL _jT-781-F-1 _z-- Enc. hol. conservando la cub. original _z-- Enc. en un vol. facticio |
||
| 999 |
_c168105 _d168105 |
||